Four-year colleges and universities in Washington state - Statistics

General Stats
  • This quiz has been taken 50 times
  • The average score is 10 of 18
Answer Stats
Institution Type Founded City % Correct
{Seattle} University Private 1891 Seattle
98%
University of {Washington} Public 1861 Seattle
98%
{Washington State} University Public 1890 Pullman
88%
{Western Washington} University Public 1893 Bellingham
79%
{Eastern Washington} University Public 1882 Cheney
74%
{Gonzaga} University Private 1887 Spokane
74%
{Central Washington} University Public 1891 Ellensburg
69%
University of {Puget Sound} Private 1888 Tacoma
69%
{Whitman} College Private 1859 Walla Walla
60%
{Seattle Pacific} University Private 1891 Seattle
52%
{Pacific Lutheran} University Private 1890 Tacoma
50%
{Evergreen State} College Public 1967 Olympia
48%
{Walla Walla} University Private 1892 College Place
40%
{Whitworth} University Private 1890 Spokane
36%
{Saint Martin's} University Private 1895 Lacey
31%
{Cornish} College of the Arts Private 1914 Seattle
21%
{Antioch} University Private 1852 Seattle
5%
{City University} of Seattle Private 1973 Seattle
2%
No matching quizzes found
Score Distribution
Percent of People with Each Score
Percentile by Number Answered
Your Score History
You have not taken this quiz